000 00290nam a2200121Ia 4500
005 20251222154410.0
008 251222s9999||||xx |||||||||||||| ||spa||
020 _a9972717038
082 _a985.37/G66
100 _aGonzález, Elena/ León, Rafael
245 0 _aMachu Picchu:
942 _cLIB
999 _c35635
_d35635